• 首页
  • 本馆介绍
  • 公告通知
  • 最新文献
  • 馆藏检索
  • 电子资源
  • 读者导购
  • 参考咨询
  • 我的图书馆
  • 登录
  • 详细信息显示
  • 放入我的书架
  • 预约/预借图书
  • 作者相关作品
  • 分类相关作品
  • 丛书相关作品
  • 出版社相关作品

书目信息

  • 表格格式
  • 工作单格式
  • 卡片格式
题名:
巧思妙解
    
 
作者: 斯人 编译
分册:  
出版信息: 天津   天津科学技术出版社  1983
页数: 193页
开本: 19cm
丛书名:
单 册:
中图分类: G898.2 , G899
科图分类:
主题词: 智力游戏--外国--解题 , 文娱性体育活动
电子资源:
ISBN:
000 00708nam0 2200277 45
001 0183010722
005 20040509160224.4
010    @dCNY0.63
091    @a7212.4
100    @a19950929d1983 em y0chiy0121 ea
101 1  @achi
102    @aCN@b120000
105    @ay z 000yy
106    @ar
200 10 @a巧思妙解@Aqiao si miao jie@f斯人编译
210    @a天津@c天津科学技术出版社@d1983
215    @a193页@d19cm
300    @a国外益智游戏选
606    @a智力游戏@y外国@x解题
606 0  @a文娱性体育活动
690    @aG898.2@v3
690    @aG899
701  0 @a斯人@Asi ren@4编译
801  0 @aCN@b上海图书馆@c20040509
801  2 @aCN@bNLC@c20040509
905    @f1@b105177@dG899@e17@b149409-411@f3
    
    巧思妙解/斯人编译.-天津:天津科学技术出版社,1983
    193页;19cm
    国外益智游戏选
    
    ISBN :CNY0.63
    
●
相关链接 在E读中查询图书 在五车中查询图书 在当当中查询图书 在豆瓣中查询图书


正题名:巧思妙解     索取号:G899/17         预约/预借

序号 登录号 条形码 馆藏地/架位号 状态 备注
1 0105177   000307518   密集书库/ [索取号:G899/17] 在馆    
2 0105178   000307493   第一样本阅览室/ [索取号:G899/17] 在馆    
3 0149409   000307563   密集书库/ [索取号:G899/17] 在馆    
4 0149410   001465701   密集书库/ [索取号:G899/17] 在馆    
5 0149411   000307509   密集书库/ [索取号:G899/17] 在馆    
唐山师范学院图书馆 欢迎您!
大连网信软件有限公司© 版权所有